Central Library OPAC University of Rajshahi

D. R. Bhandarkar volume / (Record no. 22872)

MARC details
000 -LEADER
fixed length control field 00992nam a22002892a 4500
001 - CONTROL NUMBER
control field 22872
003 - CONTROL NUMBER IDENTIFIER
rucl marc code BD-RJUL
005 - DATE AND TIME OF LATEST TRANSACTION
control field 20211209000850.0
008 - FIXED-LENGTH DATA ELEMENTS--GENERAL INFORMATION
fixed length control field 140309t1940 i ac 001 0 eng d
035 ## - SYSTEM CONTROL NUMBER
System control number (BD-RjUL)22937
040 ## - CATALOGING SOURCE
Original cataloging agency COO
Transcribing agency COO
Modifying agency EQO
-- BD-RjUL
Language of cataloging eng
041 ## - LANGUAGE CODE
Language code of text/sound track or separate title eng
082 04 - DEWEY DECIMAL CLASSIFICATION NUMBER
Classification number 954
Author mark and year DRB 1940
090 ## - LOCALLY ASSIGNED LC-TYPE CALL NUMBER (OCLC); LOCAL CALL NUMBER (OCLC)
Classification number (OCLC) (R) ; Classification number, CALL (RLIN) (NR) DS423
Local cutter number (OCLC) ; Book number/undivided call number, CALL (RLIN) .D11
245 00 - TITLE STATEMENT
Title D. R. Bhandarkar volume /
Statement of responsibility, etc. edited by Bimala Churn Law
260 ## - PUBLICATION, DISTRIBUTION, ETC. (IMPRINT)
Place of publication, distribution, etc. Calcutta :
Name of publisher, distributor, etc. Indian Research Institute,
Date of publication, distribution, etc. 1940.
300 ## - PHYSICAL DESCRIPTION
Pagination xxx, 382 p., [6] leaves of plates :
Illustrations ill. ;
Size 26 cm.
500 ## - GENERAL NOTE
General note 50 contributions chiefly in English; one each in French and German
504 ## - BIBLIOGRAPHY, ETC. NOTE
Bibliography, etc includes index.
600 10 - SUBJECT ADDED ENTRY--PERSONAL NAME
Personal name Bhandarkar, Devadatta Ramkrishna,
Dates associated with a name 1875-1950
650 #0 - SUBJECT ADDED ENTRY--TOPICAL TERM
Topical term or geographic name as entry element Hindu civilization
9 (RLIN) 56872
651 #0 - SUBJECT ADDED ENTRY--GEOGRAPHIC NAME
Geographic name India
General subdivision Study and teaching
9 (RLIN) 70518
Geographic name India
General subdivision Civilization
9 (RLIN) 70519
700 1# - ADDED ENTRY--PERSONAL NAME
Personal name Law, Bimala Churn,
Dates associated with a name 1892-1969
Personal name Bhandarkar, Devadatta Ramakrishna,
Dates associated with a name 1875-1950.
942 ## - ADDED ENTRY ELEMENTS (KOHA)
Source of classification or shelving scheme Dewey Decimal Classification
Koha item type Books
Holdings
Lost status Source of classification or shelving scheme Damaged status Not for loan Collection code Permanent Location Current Location Shelving location Date acquired Source of acquisition Cost, normal purchase price Total Checkouts Full call number Date last seen Copy number Koha item type
  Dewey Decimal Classification     Non-fiction Central Library, University of Rajshahi Central Library, University of Rajshahi   15/04/1964 F.K.L. Mukhapadhyya 15.00   954 DRB 1940 09/03/2014 C-3 Books
  Dewey Decimal Classification     Non-fiction Central Library, University of Rajshahi Central Library, University of Rajshahi   15/04/1964 F. K. L. 15.00   954 DRB 1940 19/03/2014 C-2 Books
  Dewey Decimal Classification     Non-fiction Central Library, University of Rajshahi Central Library, University of Rajshahi General Stacks 30/11/2024       954 DRB 1940 30/11/2024 C-4 Books